000 00601nam a2200181Ia 4500
005 20250423095328.0
008 250422s9999 xx 000 0 und d
020 _a978-0-367-49148-2
050 _aPN 1995 .E98/
100 _aHudelet, Ariane; Crémieux, Anne
245 0 _aExploring Seriality on Screen: Audiovisual Narratives in Film and Television
260 _aOxon
260 _bRoutledge
260 _c2021
300 _a269 p
650 _a Motion pictures--Philosophy. Motion pictures--History. Television series--History and criticism. Narration (Rhetoric)
942 _cBK
999 _c29942
_d29942